Techniky maľby

Saved in:
Bibliographic Details
Main Author: Losos, Ludvík (Author)
Format: Book
Language:Slovak
Published: Bratislava : Pallas, 1992
Edition:1. vyd.
Subjects:
Tags: Add Tag
No Tags, Be the first to tag this record!

MARC

LEADER 00000nam a22000003a 4500
001 stu11239
005 20150617225801.5
008 950313s1992----cs------------------slo-d
020 |a 8070950145 
040 |a STU  |b slo 
041 0 |a slo 
044 |a cs 
100 1 |a Losos, Ludvík  |4 aut 
245 1 |a Techniky maľby 
250 |a 1. vyd. 
260 |a Bratislava :  |b Pallas,  |c 1992 
300 |a 191 s 
650 7 |a umenie výtvarné  |2 stusub 
650 7 |a dejiny umenia  |2 stusub 
996 |b 284AU00756  |c A*1936 U  |l AAKNAR  |s A  |a 24  |w stu11239_0001